Convention for the Protection of Human Rights and Fundamental Freedoms (Record no. 103107)
[ view plain ]
| 000 -LEADER | |
|---|---|
| fixed length control field | 01526cam a2200181 4500 |
| 001 - CONTROL NUMBER | |
| control field | J123857 |
| 008 - FIXED-LENGTH DATA ELEMENTS--GENERAL INFORMATION | |
| fixed length control field | 031007n1998 000 0 eng u |
| 035 ## - SYSTEM CONTROL NUMBER | |
| System control number | (Sirsi) u123857 |
| 050 ## - LIBRARY OF CONGRESS CALL NUMBER | |
| Classification number | 342.4085 |
| -- | 18 |
| 110 ## - MAIN ENTRY--CORPORATE NAME | |
| Corporate name or jurisdiction name as entry element | Council of Europe |
| 9 (RLIN) | 2800 |
| 245 ## - TITLE STATEMENT | |
| Title | Convention for the Protection of Human Rights and Fundamental Freedoms |
| Remainder of title | as amended by Protocol No. 11 - Rome, 4.XI.1950 |
| 260 ## - PUBLICATION, DISTRIBUTION, ETC. | |
| Place of publication, distribution, etc. | [S.l.] |
| Name of publisher, distributor, etc. | Council of Europe |
| Date of publication, distribution, etc. | 1950-1998 |
| 520 ## - SUMMARY, ETC. | |
| Summary, etc. | Full text of the European convention on human rights. The text of the Convention had been amended according to the provisions of: Protocol 3 (ETS 45), which entered into force on 21 September 1970; Protocol 5 (ETS 55), which entered into force on 20 December 1971; and Protocol 8 (ETS 118), which entered into force on 1 January 1990, and comprised also the text of Protocol No. 2 (ETS 44). In accordance with Art 5 para 3 thereof, this had been an integral part of the Convention since it came into force on 21 September 1970. All provisions which had been amended or added by these Protocols were replaced by the provisions of Protocol 11 (ETS 155), which came into force on 1 November 1998. Protocol 11 repealed Protocol No. 9 (ETS 140), which entered into force on 1 October 1994, whilst Protocol 10 (ETS 146) lost its purpose. |
| 650 ## - SUBJECT ADDED ENTRY--TOPICAL TERM | |
| Topical term or geographic name entry element | CONVENTION FOR THE PROTECTION OF HUMAN RIGHTS AND FUNDAMENTAL FREEDOMS |
| 690 ## - LOCAL SUBJECT ADDED ENTRY--TOPICAL TERM (OCLC, RLIN) | |
| Topical term or geographic name as entry element | LAW |
| 856 ## - ELECTRONIC LOCATION AND ACCESS | |
| Uniform Resource Identifier | <a href="https://conventions.coe.int/Treaty/en/Treaties/Html/005.htm">https://conventions.coe.int/Treaty/en/Treaties/Html/005.htm</a> |
| Public note | View the Convention on the Council of Europe website... |
| 942 ## - ADDED ENTRY ELEMENTS (KOHA) | |
| Suppress in OPAC | 0 |
| Withdrawn status | Lost status | Source of classification or shelving scheme | Damaged status | Not for loan | Home library | Current library | Shelving location | Date acquired | Total Checkouts | Full call number | Barcode | Date last seen | Copy number | Price effective from | Koha item type |
|---|---|---|---|---|---|---|---|---|---|---|---|---|---|---|---|
| Dewey Decimal Classification | Virtual | Virtual | Online | 07/10/2003 | ONLINE PUBLICATION | 123857-1001 | 06/08/2019 | 1 | 06/08/2019 | Book |